000 00537nam a2200157 i 4500
001 55926
003 ES-MaACL
007 t|
008 030930s1982 sp ||||1| spa d
100 1 _aDíaz Díaz, Gonzalo.
_944264
245 1 0 _aBibliografía filosófica hispánica
_b: (1901-1970) /
_cGonzalo Díaz Díaz y Ceferino Santos Escudero.
260 _aMadrid :
_bInstituto de Filosofía "Luis Vives",
_c1982.
300 _aXXXI, 1371 p. ;
_c26 cm.
700 1 _aSantos Escudero, Ceferino.
_9103498
852 _aES-MaACL
_jL-7494
_bR.108278
999 _c55926
_d55926